Statistics for All Taylor Swift Songs April 2024

Click here to take the quiz!

General Stats

  • This quiz has been taken 16 times
    (10 since last reset)
  • The average score is 215 of 270

Answer Stats

AlbumTrack #Answer% Correct
Red (Taylor's Version)5All Too Well
100%
Red (Taylor's Version)30All Too Well (10 Minute Version)
100%
folklore8august
100%
Red (Taylor's Version)16Begin Again
100%
Midnights9Bejeweled
100%
Speak Now (Taylor's Version)10Better Than Revenge
100%
folklore14betty
100%
1989 (Taylor's Version)2Blank Space
100%
folklore2cardigan
100%
evermore2champagne problems
100%
Lover9Cornelia Street
100%
Lover2Cruel Summer
100%
Lover18Daylight
100%
Speak Now (Taylor's Version)5Dear John
100%
reputation5Delicate
100%
Red (Taylor's Version)20
State Of Grace (Acoustic Version)
100%
THE TORTURED POETS DEPARTMENT2
The Tortured Poets Department
100%
reputation4Don't Blame Me
100%
THE TORTURED POETS DEPARTMENT4Down Bad
100%
reputation12Dress
100%
Speak Now (Taylor's Version)17Electric Touch (feat. Fall Out Boy)
100%
Speak Now (Taylor's Version)9Enchanted
100%
reputation2End Game (feat. Ed Sheeran & Future)
100%
folklore4exile (feat. Bon Iver)
100%
Fearless (Taylor's Version)1Fearless
100%
THE TORTURED POETS DEPARTMENT1Fortnight (feat. Post Malone)
100%
reputation9Getaway Car
100%
reputation8Gorgeous
100%
folklore16hoax
100%
1989 (Taylor's Version)10How You Get the Girl
100%
Lover1I Forgot That You Existed
100%
Red (Taylor's Version)4I Knew You Were Trouble
100%
Taylor Swift (Deluxe)12I'm Only Me When I'm
With You
100%
Speak Now (Taylor's Version)11Innocent
100%
Taylor Swift (Deluxe)13Invisible
100%
folklore11invisible string
100%
1989 (Taylor's Version)21Is It Over Now?
100%
1989 (Taylor's Version)7I Wish You Would
100%
Midnights11Karma
100%
Midnights (Til Dawn/The Late Night Tracks)23Karma (feat. Ice Spice)
100%
reputation10King of My Heart
100%
Speak Now (Taylor's Version)13Last Kiss
100%
Midnights1Lavender Haze
100%
Lover11London Boy
100%
Speak Now (Taylor's Version)14Long Live
100%
featuring-Long Live (with Paula Fernandes)
100%
reputation6Look What You Made Me Do
100%
Lover3Lover
100%
featuring-Lover (with Shawn Mendes)
100%
Fearless (Taylor's Version)3Love Story
100%
Fearless (Taylor's Version)27Love Story (Elvira Remix)
100%
evermore13marjorie
100%
Lover16ME! (feat. Brendon Urie)
100%
Speak Now (Taylor's Version)1Mine
100%
Lover7Miss Americana &
The Heartbreak Prince
100%
folklore5my tears ricochet
100%
1989 (Taylor's Version)16New Romantics
100%
Speak Now (Taylor's Version)15Ours
100%
Taylor Swift11Our Song
100%
1989 (Taylor's Version)4Out of the Woods
100%
Lover8Paper Rings
100%
folklore15peace
100%
Red (Taylor's Version)2Red
100%
folklore7seven
100%
Lover12Soon You'll Get Better (feat. The Chicks)
100%
Speak Now (Taylor's Version)4Speak Now
100%
Red (Taylor's Version)1State of Grace
100%
folklore1the 1
100%
THE TORTURED POETS DEPARTMENT15The Alchemy
100%
Lover5The Archer
100%
THE TORTURED POETS DEPARTMENT:
THE ANTHOLOGY
17The Black Dog
100%
folklore17the lakes
100%
folklore3the last great american dynasty
100%
Lover4The Man
100%
Speak Now (Taylor's Version)7The Story of Us
100%
Fearless (Taylor's Version)10The Way I Loved You
100%
reputation13This Is Why We Can't Have Nice Things
100%
Taylor Swift1Tim McGraw
100%
1989 (Taylor's Version)1Welcome To New York
100%
Speak Now (Taylor's Version)18When Emma Falls in Love
100%
1989 (Taylor's Version)14Wonderland
100%
Midnights (3am Edition)19Would've, Could've, Should've
100%
1989 (Taylor's Version)15You Are In Love
100%
Fearless (Taylor's Version)6You Belong With Me
100%
Midnights5You're on Your Own, Kid
100%
Lover15Afterglow
86%
1989 (Taylor's Version)5All You Had To Do Was Stay
86%
Midnights3Anti-Hero
86%
featuring-Anti-Hero (with Bleachers)
86%
Taylor Swift (Deluxe)14A Perfectly Good Heart
86%
Taylor Swift4A Place In This World
86%
Red (Taylor's Version)24Babe
86%
featuring-Babe (with Sugarland)
86%
Speak Now (Taylor's Version)3Back to December
86%
1989 (Taylor's Version)8Bad Blood
86%
1989 (Taylor's Version)22Bad Blood (feat. Kendrick Lamar)
86%
Fearless (Taylor's Version)7Breathe (feat. Colbie Caillat)
86%
THE TORTURED POETS DEPARTMENT6But Daddy I Love Him
86%
reputation14Call It What You Want
86%
THE TORTURED POETS DEPARTMENT:
THE ANTHOLOGY
20Chloe or Sam or Sophia or Marcus
86%
THE TORTURED POETS DEPARTMENT16Clara Bow
86%
1989 (Taylor's Version)13Clean
86%
evermore14closure
86%
evermore11cowboy like me
86%
reputation11Dancing With Our Hands Tied
86%
Lover10Death By A Thousand Cuts
86%
Speak Now (Taylor's Version)20
Castles Crumbling
(feat. Hayley Williams)
86%
evermore6
no body, no crime (feat. HAIM)
86%
Midnights4
Snow on the Beach
(feat. Lana Del Rey)
86%
Midnights (Til Dawn/The Late Night Tracks)22
Snow On The Beach
(feat. More Lana Del Rey)
86%
folklore13epiphany
86%
evermore15evermore (feat. Bon Iver)
86%
Red (Taylor's Version)14Everything Has Changed
(feat. Ed Sheeran)
86%
Lover13False God
86%
Fearless (Taylor's Version)2Fifteen
86%
Fearless (Taylor's Version)11Forever & Always
86%
Fearless (Taylor's Version)16Forever & Always
(Piano Version)
86%
Midnights (3am Edition)18Glitch
86%
evermore3gold rush
86%
Speak Now (Taylor's Version)12Haunted
86%
Midnights (3am Edition)17High Infidelity
86%
reputation3I Did Something Bad
86%
1989 (Taylor's Version)12I Know Places
86%
folklore10illicit affairs
86%
Lover6I Think He Knows
86%
Lover17It's Nice To Have A Friend
86%
evermore10ivy
86%
THE TORTURED POETS DEPARTMENT12loml
86%
Midnights2Maroon
86%
Speak Now (Taylor's Version)6Mean
86%
Midnights6Midnight Rain
86%
folklore6mirrorball
86%
Fearless (Taylor's Version)22Mr. Perfectly Fine
86%
Speak Now (Taylor's Version)8Never Grow Up
86%
reputation15New Year's Day
86%
1989 (Taylor's Version)19Now That We Don't Talk
86%
THE TORTURED POETS DEPARTMENT:
THE ANTHOLOGY
28Peter
86%
Taylor Swift2Picture to Burn
86%
Midnights7Question... ?
86%
reputation1...Ready For It?
86%
evermore16right where you left me
86%
THE TORTURED POETS DEPARTMENT:
THE ANTHOLOGY
30Robin
86%
Red (Taylor's Version)28Run (feat. Ed Sheeran)
86%
1989 (Taylor's Version)6Shake It Off
86%
Taylor Swift9Should've Said No
86%
1989 (Taylor's Version)17"Sl*t!"
86%
THE TORTURED POETS DEPARTMENT:
THE ANTHOLOGY
22So High School
86%
reputation7So It Goes...
86%
THE TORTURED POETS DEPARTMENT5So Long, London
86%
Speak Now (Taylor's Version)2Sparks Fly
86%
1989 (Taylor's Version)3Style
86%
Speak Now (Taylor's Version)16Superman
86%
Midnights12Sweet Nothing
86%
Taylor Swift3Teardrops On My Guitar
86%
Fearless (Taylor's Version)8Tell Me Why
86%
Red (Taylor's Version)13The Lucky One
86%
THE TORTURED POETS DEPARTMENT:
THE ANTHOLOGY
29The Manuscript
86%
Red (Taylor's Version)29The Very First Night
86%
1989 (Taylor's Version)11This Love
86%
Taylor Swift7Tied Together With a Smile
86%
Speak Now (Taylor's Version)22Timeless
86%
evermore5tolerate it
86%
Red (Taylor's Version)3Treacherous
86%
Midnights8Vigilante Sh*t
86%
Red (Taylor's Version)8We Are Never Ever Getting
Back Together
86%
Fearless (Taylor's Version)5White Horse
86%
1989 (Taylor's Version)9Wildest Dreams
86%
Lover14You Need To Calm Down
86%
Fearless (Taylor's Version)9You're Not Sorry
86%
Red (Taylor's Version)622
71%
Singles-All Of The Girls You Loved Before
71%
Midnights (3am Edition)15Bigger Than The Whole Sky
71%
Fearless (Taylor's Version)26Bye Bye Baby
71%
Singles-Carolina
71%
THE TORTURED POETS DEPARTMENT:
THE ANTHOLOGY
27Cassandra
71%
Fearless (Taylor's Version)13Change
71%
Taylor Swift5Cold As You
71%
Midnights (3am Edition)20Dear Reader
71%
Red (Taylor's Version)26
I Bet You Think About Me
(feat. Chris Stapleton)
71%
THE TORTURED POETS DEPARTMENT13
I Can Do It With a Broken Heart
71%
THE TORTURED POETS DEPARTMENT3
My Boy Only Breaks His
Favorite Toys
71%
Red (Taylor's Version)23
Nothing New (feat. Phoebe Bridgers)
71%
featuring-
Safe & Sound (with Joy Williams
and John Paul White)
(Taylor's Version)
71%
Singles-Eyes Open (Taylor's Version)
71%
Red (Taylor's Version)27Forever Winter
71%
evermore7happiness
71%
Fearless (Taylor's Version)4Hey Stephen
71%
Midnights (Til Dawn/The Late Night Tracks)21Hits Different
71%
Red (Taylor's Version)7I Almost Do
71%
Speak Now (Taylor's Version)19I Can See You
71%
THE TORTURED POETS DEPARTMENT:
THE ANTHOLOGY
18imgonnagetyouback
71%
Midnights10Labyrinth
71%
evermore12long story short
71%
Taylor Swift10Mary's Song (Oh My My My)
71%
Midnights13Mastermind
71%
Red (Taylor's Version)25Message In A Bottle
71%
Midnights (3am Edition)16Paris
71%
Red (Taylor's Version)21Ronan
71%
1989 (Taylor's Version)18Say Don't Go
71%
Red (Taylor's Version)15Starlight
71%
Red (Taylor's Version)9Stay Stay Stay
71%
1989 (Taylor's Version)20Suburban Legends
71%
1989 (Taylor's Version)22Sweeter Than Fiction
71%
THE TORTURED POETS DEPARTMENT:
THE ANTHOLOGY
19The Albatross
71%
Fearless (Taylor's Version)12The Best Day
71%
Midnights (3am Edition)14The Great War
71%
Red (Taylor's Version)10The Last Time (feat. Gary Lightbody)
71%
Fearless (Taylor's Version)19The Other Side of the Door
71%
Taylor Swift6The Outside
71%
folklore9this is me trying
71%
Fearless (Taylor's Version)15Untouchable
71%
THE TORTURED POETS DEPARTMENT10Who's Afraid of Little Old Me?
71%
evermore1willow
71%
Red (Taylor's Version)22Better Man
57%
Singles-Christmas Tree Farm
57%
evermore9
coney island
(feat. The National)
57%
THE TORTURED POETS DEPARTMENT8
Florida!!! (feat. Florence +The Machine)
57%
Singles-
If This Was a Movie (Taylor's Version)
57%
THE TORTURED POETS DEPARTMENT14
The Smallest Man Who Ever Lived
57%
Midnights (Til Dawn/The Late Night Tracks)24
You're Losing Me (From The Vault)
57%
Fearless (Taylor's Version)25Don't You
57%
evermore8dorothea
57%
Speak Now (Taylor's Version)21Foolish One
57%
THE TORTURED POETS DEPARTMENT7Fresh Out the Slammer
57%
featuring-Gasoline (with HAIM)
57%
Red (Taylor's Version)19Girl At Home
57%
Red (Taylor's Version)11Holy Ground
57%
THE TORTURED POETS DEPARTMENT11I Can Fix Him (No Really I Can)
57%
featuring-I Don't Wanna Live Forever
(with ZAYN)
57%
THE TORTURED POETS DEPARTMENT:
THE ANTHOLOGY
23I Hate It Here
57%
evermore17it's time to go
57%
Fearless (Taylor's Version)14Jump Then Fall
57%
Singles-Only The Young
57%
Red (Taylor's Version)12Sad Beautiful Tragic
57%
Taylor Swift8Stay Beautiful
57%
Fearless (Taylor's Version)18Superstar
57%
THE TORTURED POETS DEPARTMENT:
THE ANTHOLOGY
24thanK you aIMee
57%
Fearless (Taylor's Version)24That's When (feat. Keith Urban)
57%
Red (Taylor's Version)17The Moment I Knew
57%
THE TORTURED POETS DEPARTMENT:
THE ANTHOLOGY
26The Prophecy
57%
Songwriter-This Is What You Came For
(for Calvin Harris & Rihanna)
57%
evermore4'tis the damn season
57%
Singles-Beautiful Ghosts
43%
Songwriter-Better Man (for Little Big Town)
43%
Red (Taylor's Version)18Come Back... Be Here
43%
Fearless (Taylor's Version)17Come In With the Rain
43%
Singles-Crazier
43%
featuring-
The Joker And The Queen
(with Ed Sheeran)
43%
Fearless (Taylor's Version)21
You All Over Me (feat. Maren Morris)
43%
THE TORTURED POETS DEPARTMENT9Guilty as Sin?
43%
THE TORTURED POETS DEPARTMENT:
THE ANTHOLOGY
21How Did It End?
43%
Singles-I Heart ?
43%
THE TORTURED POETS DEPARTMENT:
THE ANTHOLOGY
25I Look in People's Windows
43%
Singles-Macavity
43%
folklore12mad woman
43%
featuring-Renegade (with Big Red Machine)
43%
featuring-The Alcott (with The National)
43%
Fearless (Taylor's Version)23We Were Happy
43%
Songwriter-You'll Always Find Your Way
Back Home (for Miley Cyrus)
43%
Singles-Beautiful Eyes
29%
Songwriter-Best Days of Your Life
(for Kellie Pickler)
29%
featuring-Birch (with Big Red Machine)
29%
featuring-Both of Us (with B.O.B.)
29%
Songwriter-
Bein' With My Baby (for Shea Fisher)
29%
featuring-Half of My Heart (with John Mayer)
29%
featuring-Highway Don't Care (with Tim McGraw)
29%
Fearless (Taylor's Version)20Today Was A Fairytale
29%
featuring-Two Is Better Than One
(with Boys Like Girls)
29%
Songwriter-
This Is Really Happening
(for Britni Hoover)
14%
THE TORTURED POETS DEPARTMENT:
THE ANTHOLOGY
31The Botler
14%

Score Distribution

Percentile by Number Answered

Percent of People with Each Score

Your Score History

You have not taken this quiz since the last reset